000 00782nam a2200253 a 4500
999 _c59600
_d59600
001 59600
003 Mx-PuUPA
005 20221111163407.0
008 140415s1982 mx r 000 0 spa d
040 _erda
_cMx-PuUPA
041 0 _aspa
082 0 _a320.9720814
_bMAD
100 1 _aMadero, Francisco I.,
_d1873-1913
_eautor
_94370
245 1 3 _aLa sucesión presidencial /
_cFrancisco I. Madero.
250 _aPrimera edición
264 1 _aMéxico :
_bEPESSA,
_c1982
300 _a311 páginas ;
_c21 cm.
336 _atexto
_2rdacontent
337 _asin mediación
_2rdamedia
338 _avolumen
_2rdacarrier
650 4 _aDictadura
_zMéxico
_xHistoria
_yPorfirismo 1876 - 1911
650 4 _aPolítica
_zMéxico
942 _2ddc
_cLI
_h320.9720814
_iMAD